Les featurings de Koba La D - Statistiques

Statistiques générales
  • Ce quiz a été pris 459 fois
    353 depuis la dernière actualisation
  • Le résultat moyen est 34 sur 83
Statistiques - réponses
Département Artistes Sons % Correct
75 Black M Autour de moi (2019)
96%
91 Codé la M Magie rouge (2022)
96%
91 Niska RR 9.1 (2019), Tous les couler (2019)
96%
93 Maes Matin (2019), Coffre plein (2020), Velar (2023)
93%
13 Jul TCPLT (2021), Le classico organisé (2021)
91%
93 Gazo Daddy chocolat (2021), Le classico organisé (2021)
90%
91 Ninho La vivance (2019), Quotidien (2019), Encore (2020)
90%
91 Zola Frères Ennemis (2024)
85%
13 Naps Doudou (2021), Le classico organisé (2021)
84%
92 SDM Titulaires (2020), Tue ça (2021)
82%
13 SCH Valise (2020), Le classico organisé (2021)
78%
93 Freeze Corleone 7 sur 7 (2020)
76%
92 PLK Omar (2020), Le classico organisé (2021)
76%
91 Bolémvn 7 vie là (2018), Seven Binks (2018), Sankhara #4 (2019), Smic (2020), Maxi boule (2021), Toukie (2021), Avion (2021), On arrose (2021), Monument (2021), Top Boy (2021), Quel bay (2021), Avant (2021), Caché (2021), Jack'O (2021)Chic Choc (2022), Sur Paname (2022), Magie rouge (2022), Fumigène (2022), C'est doux (2022), Plan cash (2022), Amour et haine (2022), 7 Uzi (2022)
75%
93 Zed Coffre plein (2020)
75%
91 Shotas LVC (2019), C'est comment (2020), Tous les jours (2021), Avion (2021), On arrose (2021), Monument (2021), Top Boy (2021), Quel bay (2021), Avant (2021), Caché (2021), Magie rouge (2022), 7 Uzi (2022)
74%
77 RK Chargé (2018), La patate (2019), AQUA (2022)
68%
93 Dadju TPB (2019)
67%
75 Guy2Bezbar Tue ça (2021), Le classico organisé (2021), Barrio (2022)
67%
93 Vald Pas de reine (2020)
65%
93 Kaaris Une Autre (2023)
62%
91 Kodes Monument (2021), Caché (2021), Magie rouge (2022), On fait ça bien (2022), 7 Uzi (2022)
58%
94 Rim'K Valise (2020), Répondeur (2022)
58%
75 Leto Barrio (2022), Immonde (2023)
57%
93 Heuss l'Enfoiré George moula (2019)
50%
13 Kofs Le classico organisé (2021)
49%
59 ZKR Poursuite (2020), Chercher l'or (2021)
47%
13 100 Blaze Binks (2019)
46%
BEL Hamza Bac+12 (2019)
46%
94 OBOY Cramé (2021)
46%
13 Soso Maness Le classico organisé (2021)
46%
94 Chily Tout est calé (2020)
45%
94 Lacrim Jour de paye (2021), Reda Partie 3 (2021)
42%
76 Médine Grand Paris 2 (2020)
42%
91 Ziak Vautours (2023)
42%
60 Naza Comme ça (2022)
41%
67 Larry Grand Paris 2 (2020)
39%
13 Alonzo Ça a changé (2019), Am stram gram (2019)
37%
93 GLK Chargé (2018), Sinaloa (2020), LTDP (2021)
36%
UK Headie One Link in the ends (2022)
36%
31 Laylow Batards (2021)
36%
93 Q.E Favelas Guérilla (2018), Booska Phantom (2019)
36%
ALG Soolking Sinaloa (2020)
36%
59 Gradur The Wire (2019)
34%
91 Chicaille Argenté Toukie (2021), Monument (2021), Magie rouge (2022), 7 Uzi (2022)
33%
BEL Frenetik Kilos de beuh (2021)
31%
75 MHD Gros bonnets (2021)
31%
ESP Morad Hermano (2022), Mi Madre (2023)
31%
91 Denzo La sacoche (2020), Trop dedans (2021)
30%
75 Franglish La Calle (2022)
30%
91 Keusty Avion (2021), On arrose (2021), Monument (2021), Caché (2021), 7 Uzi (2022)
29%
75 Mister You Reda Partie 3 (2021)
29%
67 Marwa Loud 8 ans de salaire (2022)
28%
93 Landy Prends ta paye (2020), Chercher l'or (2021)
27%
41 Niro Autour de moi (2019), Reda Partie 3 (2021)
27%
77/243 Hiro Quatre secondes (2021)
24%
69 ASHE 22 Sombre (2022)
22%
93 Gianni Kilos de beuh (2021)
21%
91 Mafia Spartiate 7 vie là (2018), Seven Binks (2018)
21%
91 2zé Monument (2021), Caché (2021), Magie rouge (2022), 7 Uzi (2022)
20%
91 Mig 91 c'est le binks (2021)
20%
45 Dosseh Sombre gainage (2019)
18%
75/Mali Oxmo Puccino Grand Paris 2 (2020)
18%
76 Pirate Grand Paris 2 (2020)
18%
94 Rimkus Jour de paye (2021)
18%
BEL Green Montana Mission (2021)
17%
91 Kaflo Monument (2021), Caché (2021)
17%
93 Rémy Grand Paris 2 (2020)
17%
93 13 Block GROSLOT (2020)
15%
13 Le Rat Luciano Reda Partie 3 (2021)
15%
Unknown ElGrandeToto Fumigène (2022)
13%
BEL Gotti Maras On s'est compris (2022)
13%
Unknown Juicy P Plus vite que les balles (2018)
13%
94 Fresh laDouille Plan cash (2022)
12%
US DDG Moonwalking in Calabasas Remix (2021)
11%
Unknown Jozii Mon bébé (2021)
10%
Unknown Lartiste PIWI (2019)
9%
Unknown Rousnam Pardonner (2022)
9%
91 Luv Resval Vengeance (2022)
6%
Unknown twinsmatic GROSLOT (2020)
5%
Unknown Hoody Lando Cache le Khaliss (2019)
4%
Unknown Capo Plaza Paranoie (2022)
2%
Unknown T3g0 Demons (2021)
0%
Aucun quiz correspondant
Distribution des résultats
% des personnes avec chaque résultat
Percentile par nombre de réponses
Votre historique - résultats
Vous n’avez pas pris ce quiz depuis la dernière actualisation